Istruttoria pubblica sulle politiche per il superamento dell'handicap /

Gardado en:
Detalles Bibliográficos
Autor Corporativo: Bologna (Author)
Formato: Libro
Idioma:Lingua italiana
Tags: Engadir etiqueta
Sen Etiquetas, Sexa o primeiro en etiquetar este rexistro!

MARC

LEADER 00000nam a22000007i 4500
001 IT\ICCU\UBO\3546092
003 ItRI
005 20260115232438.0
008 081218s2008 it |||||| ||||| |||||c
040 |b ita  |c importazione bologna sebina 
041 7 |a ita  |2 ISO-639-2 
110 2 |a Bologna  |0 IT\ICCU\CFIV\014300  |4 aut 
245 0 0 |a Istruttoria pubblica sulle politiche per il superamento dell'handicap /  |c Comune di Bologna. 
300 |a 160 p. ;  |c 29 cm 
500 |a Sul front.: Sala del Consiglio comunale, sedute del 17 e del 24 gennaio 2008, atti e relazione finale. 
791 2 |a Comune di Bologna  |3 IT\ICCU\CFIV\081347  |z Bologna 
942 |2 ddc  |c BK  |n 0 
952 |0 0  |1 0  |4 0  |6 DOC_362_404000000000000_COM  |7 0  |9 25880  |a BO  |b BO  |d 2026-01-15  |i 11907  |l 0  |o DOC 362.404 COM  |p BO11907  |r 2026-01-15 23:24:38  |w 2026-01-15  |x [Sebina 7] [1 v.]  |y BK  |z 1 v. 
999 |c 21931  |d 21931